000 00299nam a2200121Ia 4500
008 190216s9999||||xx |||||||||||||| ||und||
100 _aVallathol
245 0 _aVallothol Russiyalil
260 _b"Vallathol Grandhalayam, Cheruthuruthi"
_c1963
300 _a33p
650 _aKavithakal
942 _cBK
999 _c25105
_d25105